000 00498nam a2200157Ia 4500
005 20250923144828.0
008 008 250917s9999 xx 000 0 eng d
037 _aTextual
040 _aDSWL
_beng
_cDSWL
041 _aeng
_2eng
084 _aW,64:28.237rN61, N62
_qDSWL
245 4 _aThe working panchayati raj in Rajasthan April 61 to March 62
260 _aJaipur
_bEvaluationOrganization Go
_c1962
942 _cTEXL
_hW,64:28.237rN61, N62
999 _c1443866
_d1443866